Understanding the history of the International Aid System and the Development Research Tradition: the case of the disappearing religious NGOs /

সংরক্ষণ করুন:
গ্রন্থ-পঞ্জীর বিবরন
প্রধান লেখক: Tvedt, Terje
বিন্যাস: পাঠ‍্য
বিষয়গুলি:
ট্যাগগুলো: ট্যাগ যুক্ত করুন
কোনো ট্যাগ নেই, প্রথমজন হিসাবে ট্যাগ করুন!

MARC

LEADER 00000 a a2200000 04500
001 8189
003
040
100 |a Tvedt, Terje  
245 |a Understanding the history of the International Aid System and the Development Research Tradition:   |b the case of the disappearing religious NGOs /  |c Terje Tvedt 
650 |a COOPERACION INTERNACIONAL  
650 |a ORGANIZACIONES NO GUBERNAMENTALES  
650 |a INSTITUCIONES RELIGIOSAS  
650 |a BANCO MUNDIAL  
773 |g volumen 33, número 2; páginas 341-366  
999 |c 19957  |d 19957